Dopasuj miasto do państwa - klikanie - Statystyki

Ogólne statystyki
  • Ten quiz został rozwiązany 33 razy
  • Średni wynik to 9 z 20
Statystyki odpowiedzi
Hint Odpowiedź % Poprawnych
Winnipeg Kanada
75%
Rennes Francja
71%
Kranj Słowenia
68%
Kutaisi Gruzja
57%
Gijon Hiszpania
57%
Mosul Irak
57%
Cancun Meksyk
50%
Fortaleza Brazylia
46%
Georgetown Gujana
43%
Guantanamo Kuba
43%
Samsun Turcja
43%
Połock Białoruś
39%
Narwa Estonia
36%
Meszhed Iran
36%
Port Elizabeth RPA
32%
Most Czechy
25%
Brack Rosja
25%
Wollongong Australia
21%
Pori Finlandia
21%
Arequipa Peru
21%
Nie znaleziono quizów pasujących do podanych kryteriów
Rozkład punktacji
Procent ludzi z każdym wynikiem
Percentyl według liczby udzielonych odpowiedzi
Twoja historia wyników
Nie rozwiązałeś tego quizu